LEADER 00811nam0-2200289 --450 001 9911071727003321 005 20260326124429.0 010 $a978-88-334-1298-6 100 $a20260326d2024----kmuy0itay5050 ba 101 0 $aita 102 $aIT 105 $aa 001yy 200 1 $aEndocrinologia$fdirezione editoriale: Mancini Antonio ... [et al.]$gautori: Egiddi Silvia ... [et al.] 205 $a11.ed. 210 $aBari$caims$dstampa 2024 215 $a96 p.$cill.$d30 cm 300 $aConcorso Nazionale SSM 2025 676 $a616.04 702 1$aMancini,$bAntonio 702 1$aEgiddi,$bSilvia 801 0$aIT$bUNINA$gREICAT$2UNIMARC 901 $aBK 912 $a9911071727003321 952 $a90 R 9a 64$b76/2026$fFMEBC 959 $aFMEBC 996 $aEndocrinologia$9709634 997 $aUNINA